Pumps: tipes, selection, installation operation, and maintenance

Saved in:
Bibliografiske detaljer
Main Authors: Kristal, Frank A (Author), Annett, F. A (Author)
Format: Bog
Sprog:spansk
Udgivet: Nueva York McGraw-hill 1953
Udgivelse:2a. ed
Fag:
Tags: Tilføj Tag
Ingen Tags, Vær først til at tagge denne postø!

MARC

LEADER 00000nam a2200000 a 4500
001 UCU6545
003 CL-VaPUC
008 960621e19530000US |||||||||||||||||spa|d
082 0 4 |a 621.6  |b KRI  |2 21 
100 0 |a Kristal, Frank A  |e author  |9 364769 
700 0 |a Annett, F. A  |e author  |9 364770 
245 1 0 |a Pumps: tipes, selection, installation operation, and maintenance 
250 |a 2a. ed 
300 |a 373 p 
942 |c BK 
945 |d 19960621 00:00:00  |a cmena 
260 |a Nueva York  |b McGraw-hill  |c 1953 
650 7 |a BOMBAS TERMICAS  |2 CL-VaPUC  |9 357803 
650 0 |a Transmisión de calor  |9 259410 
650 7 |a BOMBAS  |2 CL-VaPUC  |9 259418 
650 0 |a Centrifugación  |9 364771 
583 |a last modification  |c 19960621 00:00:00  |k Rodrigo Vera 
999 |c 249413  |d 249411 
952 |0 0  |1 0  |4 0  |6 621_600000000000000_KRI_1953  |7 0  |8 A  |9 266657  |a BIBING  |b BIBING  |d 2019-11-19  |i 1687999  |o 621.6 KRI 1953  |p 1687999  |r 2025-01-20  |w 2019-11-19  |y BK  |k EIQ